00308nam a2200133Ia 45000010005000000080041000050200014000460820026000601000018000862450012001042600029001169010012001459990017001571634241024s9999 xx 000 0 und d a1225-4606 a[*SIN CLASIFICACION*] a[*SIN AUTOR*] 0aKOREANA bSamsung Moonwha Printing a4/25/17 c12415d12415